| 000 | 01111 a2200241 4500 | ||
|---|---|---|---|
| 003 | Nust | ||
| 005 | 20230819094830.0 | ||
| 010 | _a 2001273850 | ||
| 020 | _a0340719990 | ||
| 035 | _a(OCoLC)ocm41503862 | ||
| 040 | _cNust | ||
| 082 | 0 | 0 | _a519.5522,JAN |
| 100 | 1 |
_aJanacek, G. J. _9114192 |
|
| 245 | 1 | 0 |
_aPractical time series / _cGareth Janacek. |
| 260 |
_aLondon : _bArnold ; _aNew York : _bOxford University Press, _c2001. |
||
| 300 |
_axv, 156 p. : _bill. ; _c24 cm. |
||
| 440 | 0 |
_aArnold texts in statistics _9114193 |
|
| 505 | _aIntroduction (Page-1), Exponential Smoothing (Page-23), Stationary Series (Page-33), The State Space Approach (Page-53), Fitting ARIMA Models (Page-67), The Frequency Domain and Spectrum (Page-87), Estimation and Use of the Power Spectrum (Page-103), Two or More Series (Page-129), The R Langrage (Page-143). | ||
| 650 | 0 | _aTime-series analysis. | |
| 856 | 4 | 1 |
_3Publisher description _uhttp://www.loc.gov/catdir/enhancements/fy0611/2001273850-d.html |
| 856 | 4 | 1 |
_3Table of contents only _uhttp://www.loc.gov/catdir/enhancements/fy0611/2001273850-t.html |
| 942 |
_2ddc _cBK |
||
| 999 |
_c181324 _d181324 |
||